Corruption, centralization and competition: (Record no. 506883)

000 -LEADER
fixed length control field 01368nam a2200217Ia 4500
008 - FIXED-LENGTH DATA ELEMENTS--GENERAL INFORMATION
fixed length control field 181130s2018 xx 000 0 und d
100 ## - MAIN ENTRY--PERSONAL NAME
Personal name Detkova, Polina
245 ## - TITLE STATEMENT
Title Corruption, centralization and competition:
Remainder of title evidence from Russian public procurement
260 ## - PUBLICATION, DISTRIBUTION, ETC.
Date of publication, distribution, etc. 2018
300 ## - PHYSICAL DESCRIPTION
Extent p.414-434.
504 ## - BIBLIOGRAPHY, ETC. NOTE
-- Apr
520 ## - SUMMARY, ETC.
Summary, etc. This paper estimates the impact of corruption on the incentives of procurers to maintain honest competition in tenders. Customers, who procure for themselves, and Agencies, who procure for the customers in their region are considered. Basing on a large dataset of open auctions conducted by Russian regional-level authorities in 2011, the analysis shows that in highly corrupt regions, Agencies fail to arrange competitive tenders and most of auctions have one bidder. Customers attract more bidders for large contracts, but rebates are usually low. Therefore, procurement centralization may reduce the corruption of Customers, but cannot solve the problem of low competition. - Reproduced.
650 ## - SUBJECT ADDED ENTRY--TOPICAL TERM
Topical term or geographic name entry element Corruption
650 ## - SUBJECT ADDED ENTRY--TOPICAL TERM
Topical term or geographic name entry element Corruption - Russia
650 ## - SUBJECT ADDED ENTRY--TOPICAL TERM
Topical term or geographic name entry element Government purchasing
650 ## - SUBJECT ADDED ENTRY--TOPICAL TERM
Topical term or geographic name entry element Government purchasing - Russia
650 ## - SUBJECT ADDED ENTRY--TOPICAL TERM
Topical term or geographic name entry element Public procurement
700 ## - ADDED ENTRY--PERSONAL NAME
Personal name Podkolzina, Elena and Tkachenko, Andrey
773 ## - HOST ITEM ENTRY
Main entry heading International Journal of Public Administration
906 ## - LOCAL DATA ELEMENT F, LDF (RLIN)
a Government purchasing - Russia
Holdings
Withdrawn status Lost status Damaged status Not for loan Permanent Location Current Location Date acquired Serial Enumeration / chronology Barcode Date last seen Price effective from Koha item type
        Indian Institute of Public Administration Indian Institute of Public Administration 2018-12-07 41(5 and 6), Apr, 2018: p.414-434. AR118678 2018-12-07 2018-12-07 Articles

Powered by Koha